Информационные технологии в медико-биологических исследованиях (Запись № 929873)

Подробности
000 -МАРКЕР
контрольное поле 01315nam0a2200349 4500
001 - ИДЕНТИФИКАТОР ЗАПИСИ
контрольное поле RU\NLR\bibl\467008
005 - ИДЕНТИФИКАТОР ВЕРСИИ
контрольное поле 20250623185319.0
010 ## - МЕЖДУНАРОДНЫЙ СТАНДАРТНЫЙ НОМЕР КНИГИ (ISBN)
Номер (ISBN) 5-94723-501-3
Тираж 2000
021 ## - НОМЕР ГОСУДАРСТВЕННОЙ РЕГИСТРАЦИИ
Код страны Российская Федерация
Номер 2003-56793
Номер Листа государственной регистраци 2772
035 ## - ДРУГИЕ СИСТЕМНЫЕ НОМЕРА
Идентификатор записи (NLR Aleph) 000460344
100 ## - ДАННЫЕ ОБЩЕЙ ОБРАБОТКИ
Данные общей обработки 20031201d2003 |||y0rusy50 ca
101 0# - ЯЗЫК РЕСУРСА
Язык текста, звукозаписи и т.д. русский
102 ## - СТРАНА ПУБЛИКАЦИИ ИЛИ ПРОИЗВОДСТВА
Страна публикации Российская Федерация
105 ## - ПОЛЕ КОДИРОВАННЫХ ДАННЫХ: ТЕКСТОВЫЕ МАТЕРИАЛЫ, МОНОГРАФИЧЕСКИЕ
Кодированные данные о монографическом текстовом документе a |||||||||
200 1# - ЗАГЛАВИЕ И СВЕДЕНИЯ ОБ ОТВЕТСТВЕННОСТИ
Основное заглавие Информационные технологии в медико-биологических исследованиях
Первые сведения об ответственности Вячеслав Дюк, Владимир Эмануэль
210 ## - ПУБЛИКАЦИЯ, РАСПРОСТРАНЕНИЕ И ДР.
Место издания, распространения и т.д. СПб. и др.
Имя издателя, распространителя и т. д. Питер
Дата издания, распространения и т.д. 2003
215 ## - ФИЗИЧЕСКАЯ ХАРАКТЕРИСТИКА
Специфическое обозначение материала и объем 528 с.
Другие сведения о физической характеристике ил.
Размеры 24
320 ## - ПРИМЕЧАНИЯ О НАЛИЧИИ В ДОКУМЕНТЕ БИБЛИОГРАФИИ / УКАЗАТЕЛЯ
Текст примечания Библиогр.: с. 528 (17 назв.)
606 1# - НАИМЕНОВАНИЕ ТЕМЫ КАК ПРЕДМЕТ
Наименование темы Медицина
Тематический подзаголовок Информационные технологии
Системный номер авторитетной/нормативной записи 2107439
Идентификатор авторитетной/нормативной записи RU\NLR\auth\661577529
606 1# - НАИМЕНОВАНИЕ ТЕМЫ КАК ПРЕДМЕТ
Наименование темы Биология
Тематический подзаголовок Информационные технологии
Системный номер авторитетной/нормативной записи 2107561
Идентификатор авторитетной/нормативной записи RU\NLR\AUTH\661577594
686 ## - ИНДЕКСЫ ДРУГИХ КЛАССИФИКАЦИЙ
Индекс Е.с51
686 ## - ИНДЕКСЫ ДРУГИХ КЛАССИФИКАЦИЙ
Индекс Р.c51
700 #1 - ИМЯ ЛИЦА - ПЕРВИЧНАЯ ОТВЕТСТВЕННОСТЬ
Начальный элемент ввода Дюк
Часть имени, кроме начального элемента ввода В. А.
Расширение инициалов личного имени Вячеслав Анатольевич
Код отношения Автор
701 #1 - ИМЯ ЛИЦА - АЛЬТЕРНАТИВНАЯ ОТВЕТСТВЕННОСТЬ
Начальный элемент ввода Эмануэль
Часть имени, кроме начального элемента ввода В.
Расширение инициалов личного имени Владимир
Код отношения Автор
801 #0 - ИСТОЧНИК ЗАПИСИ
Страна Российская Федерация
Организация NLR
Дата составления 20031201
Правила каталогизации PSBO
801 #1 - ИСТОЧНИК ЗАПИСИ
Страна Российская Федерация
Организация NLR
Дата составления 20031201
830 ## - ОБЩЕЕ ПРИМЕЧАНИЕ, СОСТАВЛЕННОЕ КАТАЛОГИЗАТОРОМ
Текст примечания 1-й авт. по ЭК
942 ## - ДОПОЛНИТЕЛЬНЫЕ ЭЛЕМЕНТЫ ЗАПИСИ (АБИС)
Тип экземпляра АБИС Книга
980 ## - КОЛЛЕКЦИЯ
Название коллекции Национальная библиография
Экземпляры
Тип экземпляра Дата поступления Источник поступления Библиотека постоянного хранения Библиотека текущего хранения Место хранения Шифр хранения Штрих-код Статус экземпляра Стоимость
Книга 01.12.2003 Обязательный экземпляр РНБ (Московский) РНБ (Московский) Русский книжный фонд: издания с 1957 года 2003-7/5491 598015    
Книга 01.12.2003 Обязательный экземпляр РНБ (Московский) РНБ (Московский) Русский книжный фонд: издания с 1957 года 2003-7/5491 598017    
Книга 29.12.2003 Покупка РНБ (Московский) РНБ (Московский) Фонд общего зала литературы по биологии и медицине М1 Р.с./Д-957 1-207988   150.00
Книга 07.10.2004 Покупка РНБ (Московский) РНБ (Московский) Выбыл из РНБ в другие организации (Обменный фонд)   766945   150.04
Книга 07.10.2004 Покупка РНБ (Московский) РНБ (Московский) Выбыл из РНБ в другие организации (Обменный фонд)   766946   150.04
Книга 29.12.2003 Покупка РНБ (Садовая) РНБ (Садовая) Фонд научного зала литературы по биологии и медицине М2 Р.с/Д-957 1-245039   150.00